PHARMACOLOGY FOR PHYSIOTHERAPY STUDENTS (Record no. 16977)

MARC details
000 -LEADER
fixed length control field 00333nam a22001457a 4500
003 - CONTROL NUMBER IDENTIFIER
control field SGT
020 ## - INTERNATIONAL STANDARD BOOK NUMBER
International Standard Book Number 978-93-5270-040-0
082 ## - DEWEY DECIMAL CLASSIFICATION NUMBER
Classification number 615
Item number P17U
100 ## - MAIN ENTRY--PERSONAL NAME
Personal name UDAYKUMAR, PADMAJA
245 ## - TITLE STATEMENT
Title PHARMACOLOGY FOR PHYSIOTHERAPY STUDENTS
250 ## - EDITION STATEMENT
Edition statement 3RD
260 ## - PUBLICATION, DISTRIBUTION, ETC. (IMPRINT)
Place of publication, distribution, etc INDIA
Name of publisher, distributor, etc JAYPEE PUB.
Year of Publication 2017
300 ## - PAGE DESCRIPTION
No. of Pages 280
942 ## - ADDED ENTRY ELEMENTS (KOHA)
Source of classification or shelving scheme Dewey Decimal Classification
Koha item type Books
942 ## - ADDED ENTRY ELEMENTS (KOHA)
-- 362
Holdings
Withdrawn status Lost status Source of classification or shelving scheme Damaged status Not for loan Collection code Home library Current library Shelving location Date acquired Vendor Name Cost, normal purchase price SGTU Bill Number Total Checkouts Total Renewals Full call number Accession No. (Barcode) Date last seen Date last borrowed Bill Date Koha item type Checked out
    Dewey Decimal Classification     MEDICAL SGT Medical Library SGT Medical Library Text Book 22/02/2019 ABC DELHI 550.00 SGTU 10441 59 4 615 P17U FM11163 23/05/2026 18/05/2026 20/12/2018 Books  
    Dewey Decimal Classification     MEDICAL SGT Medical Library SGT Medical Library Text Book 22/02/2019 ABC DELHI 550.00 SGTU 10441 82   615 P17U FM11164 14/05/2026 14/05/2026 20/12/2018 Books 28/05/2026
    Dewey Decimal Classification     MEDICAL SGT Medical Library SGT Medical Library Text Book 22/02/2019 ABC DELHI 550.00 SGTU 10441 36 1 615 P17U FM11165 19/08/2025 05/08/2025 20/12/2018 Books  
    Dewey Decimal Classification     MEDICAL SGT Medical Library SGT Medical Library Text Book 22/02/2019 ABC DELHI 550.00 SGTU 10441 77 5 615 P17U FM11166 29/05/2026 29/05/2026 20/12/2018 Books 12/06/2026
    Dewey Decimal Classification     MEDICAL SGT Medical Library SGT Medical Library Text Book 22/02/2019 ABC DELHI 550.00 SGTU 10441 78 1 615 P17U FM11167 09/02/2026 06/02/2026 20/12/2018 Books  
    Dewey Decimal Classification     MEDICAL SGT Medical Library SGT Medical Library Text Book 22/02/2019 ABC DELHI 550.00 SGTU 10441 36   615 P17U FM11168 29/05/2026 29/05/2026 20/12/2018 Books 12/06/2026
    Dewey Decimal Classification     MEDICAL SGT Medical Library SGT Medical Library Text Book 22/02/2019 ABC DELHI 550.00 SGTU 10441 72 1 615 P17U FM11169 15/05/2026 15/05/2026 20/12/2018 Books 29/05/2026
    Dewey Decimal Classification     MEDICAL SGT Medical Library SGT Medical Library Text Book 22/02/2019 ABC DELHI 550.00 SGTU 10441 75 9 615 P17U FM11170 01/06/2026 01/06/2026 20/12/2018 Books 15/06/2026